Разработка программы "Опционный аналитик" для анализа стратегий формирования портфелей опционов и фьючерсов; Перспективы развития фундаментальных наук

Podrobná bibliografie
Parent link:Перспективы развития фундаментальных наук.— 2008.— С. 228-230
Hlavní autor: Ананьева В. В.
Další autoři: Крицкий О. Л. (научный руководитель)
Jazyk:ruština
Vydáno: 2008
Témata:
Médium: Kapitola
KOHA link:https://koha.lib.tpu.ru/cgi-bin/koha/opac-detail.pl?biblionumber=154275

MARC

LEADER 00000naa2a2200000 4500
001 154275
005 20231031151829.0
035 |a (RuTPU)RU\TPU\book\167344 
090 |a 154275 
100 |a 20090225d2008 k y0rusy50 ca 
101 0 |a rus 
102 |a RU 
200 1 |a Разработка программы "Опционный аналитик" для анализа стратегий формирования портфелей опционов и фьючерсов  |f В. В. Ананьева  |g науч. рук. О. Л. Крицкий 
320 |a Библиогр.: 4 назв. 
463 0 |0 (RuTPU)RU\TPU\book\161548  |t Перспективы развития фундаментальных наук  |o труды V Международной конференции студентов и молодых ученых, 20-23 мая 2008 г., Томск  |f Томский политехнический университет (ТПУ)  |v С. 228-230  |d 2008  |p 334 с. 
610 1 |a программы 
610 1 |a разработка 
610 1 |a Опционный аналитик 
610 1 |a опционы 
610 1 |a фьючерсы 
610 1 |a срочные контракты 
610 1 |a рынок 
610 1 |a стратегия 
610 1 |a FORTS 
610 1 |a модель Блэка-Шоулза 
610 1 |a цена 
610 1 |a труды учёных ТПУ 
700 1 |a Ананьева  |b В. В. 
702 1 |a Крицкий  |b О. Л.  |4 727 
801 1 |a RU  |b 63413507  |c 20090225  |g PSBO 
942 |c BK